Les finances du P.C.F.

שמור ב:
מידע ביבליוגרפי
מחבר ראשי: Montaldo, Jean
פורמט: ספר
שפה:Undetermined
יצא לאור: Paris Albin Michel 1977
נושאים:
תגים: הוספת תג
אין תגיות, היה/י הראשונ/ה לתייג את הרשומה!
Thư viện lưu trữ: Trung tâm Học liệu Trường Đại học Cần Thơ
LEADER 00451nam a2200181Ia 4500
001 CTU_82091
008 210402s9999 xx 000 0 und d
082 |a 332 
082 |b M763 
100 |a Montaldo, Jean 
245 0 |a Les finances du P.C.F. 
245 0 |c Jean Montaldo 
260 |a Paris 
260 |b Albin Michel 
260 |c 1977 
650 |a Finance 
904 |i Trọng Hải 
980 |a Trung tâm Học liệu Trường Đại học Cần Thơ